| 000 | 02419nam a2200325 a 4500 | ||
|---|---|---|---|
| 001 | 000007062 | ||
| 003 | DO-SdBNP | ||
| 005 | 20250423140401.0 | ||
| 008 | 090904s2001 dr 001 0 spa d | ||
| 040 |
_aDO-SdBNP _bspa _cBNPHU |
||
| 082 |
_a808.06661 _bC735e, 2001 |
||
| 245 | 0 | 0 |
_aCómo escribir un artículo médico / _cRaymundo Carela Febles ...[et. al] ; editores Héctor Otero Cruz, Víctor Díaz Alba, Rubén Darío Pimentel. |
| 250 | _a2ª ed. | ||
| 260 |
_aSanto Domingo : _bEdiciones AMD, _c2001. _fBúho |
||
| 300 |
_a187 p. ; _c22 cm. |
||
| 504 | _aIncluye bibliografía y notas al final de capítulos. | ||
| 505 | 0 |
_gIntroducción / _rHéctor Otero Cruz -- _tResponsabilidad y ética en las publicaciones médicas / _rHugo R. Mendoza -- _tÉtica, fraude, plagio y malpraxis en la publicación de artículos médicos / _rFernando Fernández -- _tRedacción y estilo científico de los artículos médicos / _rFernando Fernández -- _tComo presentar un manuscrito al Comité Editorial de una publicación médica / _rEmilio Mena Ricardo -- _tSelección de los autores / _rHéctor Otero Cruz -- _tLa hiperplasia autoral en los artículos médicos / _rFernando Fernández -- _tEl resumen / _rRaymundo Carela -- _tEl resumen / _rHéctor Otero Cruz -- _tLa introducción / _rErwin Cruz Bournigal -- _tMaterial y métodos / _rElbi Morla Báez -- _tResultados / _rÁngel R. González -- _tLa discusión en el artículo médico / _rJuan Sánchez Bisonó -- _tConclusiones y recomendaciones en el escrito médico / _rElbi Morla Báez -- _tPresentación de casos clínicos / _rEmilio Mena Castro -- _tLos artículos de revisión de temas en las publicaciones periódicas médicas / _rFernando Fernández -- _tLas referencias bibliográficas / _rRosa Nieves Paulino -- _tPublicaciones periódicas médicas en República Dominicana : situación en el último decenio / _rFernando Fernández -- _gAnexos. |
|
| 590 | _aInventariado, 2018/ YL | ||
| 650 | 4 |
_aRedacción de escritos médicos _919636 |
|
| 650 | 4 |
_aArte de escribir _xManuales _919637 |
|
| 700 | 1 |
_aCarela Febles, Raymundo _919638 |
|
| 700 | 1 |
_aFernández, Fernando _91840 |
|
| 700 | 1 |
_aMena Castro, Emilio _919639 |
|
| 700 | 1 |
_aDíaz Alba, Víctor, _eed. _919640 |
|
| 700 | 1 |
_aOtero Cruz, Héctor _eed. _919641 |
|
| 700 | 1 |
_aPimentel, Rubén Darío, _eed. _919624 |
|
| 710 | 2 |
_aAsociación Médica Dominicana _916565 |
|
| 910 | _aValidado. Control de calidad EMS. | ||
| 942 |
_2ddc _cLBS1 |
||
| 999 |
_c6845 _d6845 |
||